| 000 | 00604nam a22002177a 4500 | ||
|---|---|---|---|
| 003 | ITZ | ||
| 005 | 20240220101646.0 | ||
| 008 | 240220b |||||||| |||| 00| 0 spa d | ||
| 020 | _a978-1-4362-6978-4 | ||
| 035 | _a17686 | ||
| 041 | _aSPA | ||
| 050 |
_aQC311 _bC4618 2019 |
||
| 082 |
_a536.7 _bC395t 2019 |
||
| 100 | 1 | _aCengel,Yunus A. | |
| 245 |
_aTermodinámica _cYunus A. Cengel; Michael A. Boles; Mehmet Kanoglu |
||
| 250 | _a4 Ed. Español / 9 Ed. Ingles | ||
| 260 |
_aMéxico: _bMc Graw Hill, _c2019 |
||
| 300 |
_axxi, 983 p. _bil. / _c27 cm. |
||
| 650 | _a1. TERMODINAMICA | ||
| 942 | _cBK | ||
| 999 |
_c29301 _d29301 |
||